00583nam a2200169Ia 4500008004100000100001600041245011100057245001600168260005900184260000900243300001000252650001800262650001500280856002600295999001900321952007300340170221s9999 xx 000 0 und d aMurat Sahin 3aAn Examination of Academic Studies Covering Israel Palestine Conflict Over its Reflections Through Media  cMurat Sahin bOnline Journal of Communication and Media Technologies c2016 a6 : 4 xCommunication xMedia Arts uhttp://www.ojcmt.net/ c308611d308611 001040aCLbCLd2017-02-21l0r2017-02-21 00:00:00w2017-02-21yFOJ